LEADER 01195nam a2200217 i 4500 001 000000213835 003 CaOOAMICUS 005 20220620075228.0 008 120607s1856 xxk u000 u eng u 013 $a192690 040 $aSeMil$bita 100 1 $aAnthon, Charles,$d<1797-1867>.$0(OLS)http://semarc/name/12216 245 10$aFirst Greek lessons :$bcontaining all the inflexions of the Greek language : together with appropriate exercises in the translating and writing of Greek, for the use of beginners /$cby Charles Anthon. 260 $aNew York :$bHarper & Brothers,$c1856. 300 $a238 p. ;$c21 cm 773 0 $aAnthon, Charles <1797-1867>$tAnthon's Greek lessons.$dNew York : Harper & Brothers, 1858.$gPart1$w()26904 850 $aSeMil 852 $aSeMil$W1$xVenegono$y1$m1Z II 206 FA$j164263$B164263$CSeMilBibl$Z2$F175304 $8I 996 $6245$aFirst Greek lessons :$bcontaining all the inflexions of the Greek language : together with appropriate exercises in the translating and writing of Greek, for the use of beginners$9(OLS)http://semarc/title/308219 996 $6260$aNew York :$bHarper & Brothers$9(OLS)http://semarc/publisher/37010 LEADER 01124nam a2200241 i 4500 001 000000190863 003 CaOOAMICUS 005 20190610124419.0 008 100708n it u000 u ita u 013 $a169337 040 $aSeMil$bita 100 1 $aBeltrami, Luca,$d<1854-1933>.$0(OLS)http://semarc/name/30093 245 14$aLa "destra mano" di Leonardo da Vinci e le lacune nella edizione del Codice Atlantico /$cLuca Beltrami. 260 $aMilano :$bAlfieri e Lacroix,$c[191?] 300 $a51 p. ;$c34 cm. 490 0 $aAnalecta Ambrosiana : pubblicazioni della biblioteca ambrosiana ;$v2 650 4$aLeonardo : da Vinci <1452-1519> - Opere scientifiche.$0(OLS)http://semarc/subject/30925 830 0$aAnalecta ambrosiana ;$v2.$0(OLS)http://semarc/title/20296 850 $aSeMil 852 $aSeMil$W1$xVenegono$y1$m3G VI 23$j141477$B141477$CSeMilBibl$Z2$F153040 $81 996 $6245$aLa "destra mano" di Leonardo da Vinci e le lacune nella edizione del Codice Atlantico$9(OLS)http://semarc/title/275016 996 $6260$aMilano :$bAlfieri e Lacroix$9(OLS)http://semarc/publisher/30860